Регионална библиотека "Любен Каравелов" - Русе

Изследване на историята (Запис номер 1417)

MARC детайли
000 -Лидер
Контролно поле с фиксирана дължина 02521nam a2200421 c 4500
003 - Код на организацията, давaща контролен номер
Контролно поле BLK
005 - Дата и час на последна редакция
Контролно поле 20230405030308.0
008 - Елементи от данни с фиксирана дължина
fixed length control field 180412b bul|||||r ||||||| ||bul||
010 ## - Наследен системен номер
LC control number KNG00002243000
020 ## - Международен стандартен номер на книга ISBN
Международен стандартен номер на книга ISBN 954-739-172-0
-- издат.: Захарий Стоянов - на том(т. 2)
040 ## - Източник на каталожния запис
Идентификатор на билиотеката - собственик на записа BLK
041 ## - Код за език
Код за езика на текст/звукозапис или на отделно заглавие Български
Код за езика КДБФ Български
080 ## - УДК
Текстов определител УДК Теория и философия на историята. Морфология на историята
УДК код - определител по УДК 930.1
УДК определител
УДК - код + определител 930.1
080 ## - УДК
Текстов определител УДК История на цивилизацията. История на културата
УДК код - определител по УДК 930.85
УДК определител
УДК - код + определител 930.85
100 1# - Редна дума - Автор
Автор Тойнби, Арнълд Джоузеф
Авторска отговорност първи автор
R(LIN) 244131
139 ## - Редно поле
Редна дума Тойнби, Арнълд Джоузеф
Авторски знак Тои - Т 65
245 10 - Сведения за заглавието
Заглавие Изследване на историята
Подзаглавни данни Т. 1 -
Редно поле (дума) Арнълд Джоузеф Тойнби; прев. от англ. Иво Гарвалов; предг. от Андрей Лазаров Пантев.
Том Т. 2
Заглавие на том Универсални държави и универсални църкви
250 ## - Област на изданието
Сведения за изданието 2. изд.
257 ## - Страна на издаване
Страна на създаване/издаване Великобритания
260 ## - Област на издателските данни
-- София
Година на издаване 2001 -
Печатница София : Образование и наука
300 ## - Физическа характеристика
Размери/Мащаб 21 см
380 ## - Жанр
Жанр История
490 1# - СЕРИИ (Колекции)
Име на серия Поредица Философия и човек
500 ## - Общи забележки
Забележка Ориг. загл. A Study of History. - 1. изд. 1995 на изд. Хр. Ботев в 3 т. - Офс. изд.
505 ## - Форматирана забележка
Подзаглавни данни
Авторската отговорност
Заглавие Перспективите на западната цивилизация
650 #4 - Допълнително описание по предмет – тема
Основно описание – тема или топоним История - философски проблеми
9 (RLIN) 242500
650 #4 - Допълнително описание по предмет – тема
Основно описание – тема или топоним Цивилизация - философско-исторически проблеми
9 (RLIN) 244134
653 ## - Ключова дума – ненормативна
Ключова дума изследвания
653 ## - Ключова дума – ненормативна
Ключова дума история
700 1# - Други автори (авторска отговорност)
Лично име Гарвалов, Иво
Автороска отговорност (Описва отношението между автора и произведението) прев. от англ.
9 (RLIN) 244132
700 1# - Други автори (авторска отговорност)
Лично име Пантев, Андрей Лазаров
9 (RLIN) 363433
760 1# - Описание на основната серия
-- - на том(т. 2)
Редна дума на основното описание Тойнби, Арнълд Джоузеф
Издание 2. изд.
Място на издаване, издател и година Захарий Стоянов, 2001
Страници - том 400 с. : с табл.
Забележка - том Съдържа и Универсални държави ; Философия ; Висши религии ; Варварски военни шайки ; Цивилизации - родственост
Заглавие Т. 2 Универсални държави и универсални църкви
852 ## - Местоположение
Форматна сигнатура Цб 210673
856 4# - Електронен адрес и достъп
Електронен формат pdf - файл
Път до файла /url/
856 4# - Електронен адрес и достъп
Електронен формат pdf - файл
Път до файла /url/
942 ## - АРТИКУЛИ
Вид на библиотечния материал Книги
Скрит в OPAC Не
Koha issues (borrowed), all copies 1
944 ## - СЪЗДАВАНЕ И РЕДАКЦИЯ на ЗАПИСА
Създаване/Редакция Създаване
Дата на регистрацията/редакция 15.01.2003
Служител, извършил регистрацията/редакцията Кети_Илиева
944 ## - СЪЗДАВАНЕ И РЕДАКЦИЯ на ЗАПИСА
Създаване/Редакция Редакция
Дата на регистрацията/редакция 08.09.2017
Служител, извършил регистрацията/редакцията Людмила_Стоянова
999 ## - СИСТЕМНИ КОНТРОЛНИ НОМЕРА
Koha biblionumber 1417
Koha biblioitemnumber 1417
Наличности
Код за отписване Код за изгубен артикул Източник на класификационната схема Код за повреда Коз за рестрикции Код за отдаване Артикулен № Име на библиотеката - собственик Име на библиотеката, в която се намира в момента Статус (Текущо местоположение) Дата на вписване в системата Местоположение - отдел Цена в лева Инвентарен номер Систематично азбучна сигнатура Баркод Номер на екземпляра Цена в евро Служебна бележка Служебен тип на артикула
  Не е изгубен Universal Decimal Classification Не е повреден без рестрикции ползва се в читалня 2768 Регионална библиотека "Любен Каравелов" Русе Регионална библиотека "Любен Каравелов" Русе Читалня 2002-01-18 Читалня 9.00 668582 Ч 930/Т 65 120000668582 1 4.60 Дост: Pk Вид: Ф N: 56 Дата: 17.12.2001 Дата инв: 28.03.2017 Бележки инв: Ч2017 Книги
  Не е изгубен Universal Decimal Classification Не е повреден без рестрикции ползва се в читалня 2769 Регионална библиотека "Любен Каравелов" Русе Регионална библиотека "Любен Каравелов" Русе Хранилище 2002-08-21 Хранилище 0.00 120000671587 Цб 210673 120000671587 2 0.00 Дост: Dp Вид: Д N: 4 Дата: 15.02.2002 Книги
  Не е изгубен Universal Decimal Classification Не е повреден без рестрикции заемане за дома 2770 Регионална библиотека "Любен Каравелов" Русе Регионална библиотека "Любен Каравелов" Русе Дубликат 2004-09-20 Заемна - подръчен фонд 14.00 120000688585 П 930/Т 65 120000688585 3 7.16 Дост: Pk Вид: Ф N: 8888 Дата: 08.09.2004 Дата инв: 07.02.2018 Бележки инв: П2018 Книги
Vip Innovations Ltd, Rousse, Bulgaria 2025